000 00713cam a22002413a 4500
001 17354
003 PGUSA
005 20140828083354.0
008 051219s2005||||xxu|||||s|||||000 | eng d
040 _aPGUSA
_beng
042 _adc
050 4 _aGB
100 1 _aOwen, Luella Agnes,
_d1852-1932
245 1 0 _aCave Regions of the Ozarks and Black Hills
_h[electronic resource] /
_cLuella Agnes Owen
260 _bProject Gutenberg,
_c2005
506 _aPublic domain in the USA.
516 _aElectronic text
653 _aCaves -- Black Hills (S.D. and Wyo.)
653 _aCaves -- Ozark Mountains
830 0 _aProject Gutenberg
_v17354
856 4 0 _uhttp://www.gutenberg.org/ebooks/17354
942 _cEB
999 _c246609
_d246609